Jonah and the very big fish : (Record no. 105288)
[ view plain ]
| 000 -LEADER | |
|---|---|
| fixed length control field | 00554nam a2200169 a 4500 |
| 005 - DATE AND TIME OF LATEST TRANSACTION | |
| control field | 20140412111349.0 |
| 008 - FIXED-LENGTH DATA ELEMENTS--GENERAL INFORMATION | |
| fixed length control field | 050421s19uu xx 00 eng d |
| 020 ## - INTERNATIONAL STANDARD BOOK NUMBER | |
| International Standard Book Number | 0-570-07541-6 |
| 050 ## - LIBRARY OF CONGRESS CALL NUMBER | |
| Classification number | ER |
| Item number | Jo69 1998 |
| 100 ## - MAIN ENTRY--PERSONAL NAME | |
| Personal name | Fletcher, Sarah |
| 245 ## - TITLE STATEMENT | |
| Title | Jonah and the very big fish : |
| Remainder of title | the book of Jonah for children / |
| Statement of responsibility, etc | written by Sarah Fletcher ; illustrated by chad Frye. |
| 260 ## - PUBLICATION, DISTRIBUTION, ETC. (IMPRINT) | |
| Place of publication, distribution, etc | St. Louis, MO : |
| Name of publisher, distributor, etc | Concordia Publishing House, |
| Date of publication, distribution, etc | 1998. |
| 300 ## - PHYSICAL DESCRIPTION | |
| Extent | 1 v. (unp.) ; ill. |
| 650 ## - SUBJECT ADDED ENTRY--TOPICAL TERM | |
| Topical term or geographic name as entry element | Bible stories |
| 650 ## - SUBJECT ADDED ENTRY--TOPICAL TERM | |
| Topical term or geographic name as entry element | Children stories |
| Withdrawn status | Lost status | Damaged status | Home library | Current library | Shelving location | Date acquired | Source of acquisition | Cost, normal purchase price | Total Checkouts | Full call number | Barcode | Date last seen | Price effective from | Koha item type |
|---|---|---|---|---|---|---|---|---|---|---|---|---|---|---|
| Elizalde Library | Elizalde Library | Easy Reading Section | 04/21/2005 | 20.00 | ER Jo69 1998 | E9821 | 04/12/2014 | 04/12/2014 | Books |